000 00687nam a22001937a 4500
999 _c1392
_d1392
005 20251125232737.0
008 s2515 th tha d
040 _aNALT
041 _atha
050 _aDS582.6 ป4
100 0 _aประยุทธ สิทธิพันธ์
245 1 0 _aพระมหาธีราชเจ้า
260 3 _bสยาม,
_c2515
300 _a509 หน้า :
_b ภาพประกอบ
650 0 4 _aมงกุฎเกล้าเจ้าอยู่หัว, พระบาทสมเด็จพระ, 2423--2468
850 _aNALT
856 4 0 _uhttps://hdl.handle.net/20.500.14156/448269
_71
942 _cGB
_03
_2lcc